Famous Moral Story for Children/ (Record no. 215235)

MARC details
000 -LEADER
fixed length control field 00463nam a22001571 4500
005 - DATE AND TIME OF LATEST TRANSACTION
control field 20260228152831.0
010 ## - LCCN (DPL NO)
LC control number BACHHEN26
020 ## - INTERNATIONAL STANDARD BOOK NUMBER
International Standard Book Number 9789394888333
Terms of availability 895.00
037 ## - SOURCE OF ACQUISITION
Source of stock number/acquisition Sonam Enterprises
100 ## - MAIN ENTRY--PERSONAL NAME
Personal name Rahul Singh
245 ## - TITLE STATEMENT
Title Famous Moral Story for Children/
Statement of responsibility, etc Rahul Singh
260 ## - PUBLICATION, DISTRIBUTION, ETC. (IMPRINT)
Place of publication, distribution, etc Delhi
Name of publisher, distributor, etc Sonam Enterprises
Date of publication, distribution, etc 2025
270 ## - ADDRESS
Address B-15-15, Gali No. 10, Jagatpuri Extn.
City Delhi
Postal code 110 093
300 ## - PHYSICAL DESCRIPTION
Extent 181p.
Dimensions 22cm. (Hbk)
942 ## - ADDED ENTRY ELEMENTS (KOHA)
Item type Children Books
Call number suffix RAH
Source of classification or shelving scheme Dewey Decimal Classification

No items available.


© Delhi Public Library
Hit Counter
free hit counter